[Event "English Schools Championship Final 2024"]
[Site "Nottingham University Kings Meadow Campus, United Kingdom"]
[Date "2024.06.27"]
[Round "3.41"]
[White "Chen, Eng Jie"]
[Black "Skaria, Joel"]
[Result "1/2-1/2"]
[TimeControl "G50' + 10\" per move."]
[WhiteFideId "343428584"]
[WhiteElo "1718"]
[BlackElo "1596"]

1. e4 {[%clk 00:50:19]} c5 {[%clk 00:50:19]} {[%emt 00:00:02]} 2. Nc3 {[%clk
00:50:22]} {[%emt 00:00:07]} Nc6 {[%clk 00:50:25]} {[%emt 00:00:04]} 3. g3
{[%clk 00:50:28]} {[%emt 00:00:04]} d6 {[%clk 00:50:21]} {[%emt 00:00:13]} 4.
Bg2 {[%clk 00:50:27]} {[%emt 00:00:12]} Nf6 {[%clk 00:50:19]} {[%emt 00:00:12]}
5. d3 {[%clk 00:50:20]} {[%emt 00:00:17]} e6 {[%clk 00:50:11]} {[%emt
00:00:18]} 6. Be3 {[%clk 00:50:16]} {[%emt 00:00:13]} Be7 {[%clk 00:49:21]}
{[%emt 00:01:00]} 7. Nge2 {[%clk 00:49:40]} {[%emt 00:00:47]} O-O {[%clk
00:48:10]} {[%emt 00:01:20]} 8. O-O {[%clk 00:49:37]} {[%emt 00:00:13]} a6
{[%clk 00:48:01]} {[%emt 00:00:19]} 9. f4 {[%clk 00:48:44]} {[%emt 00:01:02]}
d5 {[%clk 00:47:46]} {[%emt 00:00:26]} 10. exd5 {[%clk 00:45:17]} {[%emt
00:03:37]} exd5 {[%clk 00:47:48]} {[%emt 00:00:09]} 11. d4 {[%clk 00:44:57]}
{[%emt 00:00:29]} Ng4 {[%clk 00:46:30]} {[%emt 00:01:28]} 12. Bf2 {[%clk
00:43:43]} {[%emt 00:01:24]} Nxf2 {[%clk 00:45:13]} {[%emt 00:01:28]} 13. Rxf2
{[%clk 00:43:11]} {[%emt 00:00:41]} Bg4 {[%clk 00:42:13]} {[%emt 00:03:10]} 14.
h3 {[%clk 00:37:51]} {[%emt 00:05:30]} cxd4 {[%clk 00:40:58]} {[%emt 00:01:26]}
15. Nxd5 {[%clk 00:37:11]} {[%emt 00:00:50]} Bxe2 {[%clk 00:40:32]} {[%emt
00:00:36]} 16. Nxe7+ {[%clk 00:36:53]} {[%emt 00:00:28]} Qxe7 {[%clk 00:39:57]}
{[%emt 00:00:46]} 17. Qxe2 {[%clk 00:36:49]} {[%emt 00:00:13]} Qb4 {[%clk
00:37:48]} {[%emt 00:02:19]} 18. b3 {[%clk 00:35:47]} {[%emt 00:01:12]} Qc3
{[%clk 00:36:56]} {[%emt 00:01:02]} 19. Rd1 {[%clk 00:34:32]} {[%emt 00:01:25]}
Qxg3 {[%clk 00:36:36]} {[%emt 00:00:29]} 20. Qf3 {[%clk 00:31:55]} {[%emt
00:02:47]} Qg6 {[%clk 00:32:48]} {[%emt 00:03:58]} 21. Qg4 {[%clk 00:29:39]}
{[%emt 00:02:27]} Rad8 {[%clk 00:30:50]} {[%emt 00:02:07]} 22. Rfd2 {[%clk
00:27:31]} {[%emt 00:02:18]} Qf6 {[%clk 00:28:45]} {[%emt 00:02:16]} 23. Qg5
{[%clk 00:23:31]} {[%emt 00:04:10]} Qe6 {[%clk 00:26:30]} {[%emt 00:02:24]} 24.
f5 {[%clk 00:21:07]} {[%emt 00:02:35]} Qe3+ {[%clk 00:24:44]} {[%emt 00:01:55]}
25. Qxe3 {[%clk 00:21:09]} {[%emt 00:00:08]} dxe3 {[%clk 00:24:38]} {[%emt
00:00:16]} 26. Rxd8 {[%clk 00:20:51]} {[%emt 00:00:28]} Nxd8 {[%clk 00:24:22]}
{[%emt 00:00:27]} 27. Kf1 {[%clk 00:20:34]} {[%emt 00:00:26]} g5 {[%clk
00:23:15]} {[%emt 00:01:17]} 28. Ke2 {[%clk 00:19:40]} {[%emt 00:01:05]} Kg7
{[%clk 00:22:35]} {[%emt 00:00:50]} 29. Kxe3 {[%clk 00:19:08]} {[%emt
00:00:41]} Re8+ {[%clk 00:21:27]} {[%emt 00:01:18]} 30. Kf2 {[%clk 00:18:19]}
{[%emt 00:00:59]} Kf6 {[%clk 00:19:29]} {[%emt 00:02:08]} 31. Rd7 {[%clk
00:18:00]} {[%emt 00:00:29]} Kxf5 {[%clk 00:19:14]} {[%emt 00:00:25]} 32. Bxb7
{[%clk 00:17:10]} {[%emt 00:01:00]} Nxb7 {[%clk 00:19:02]} {[%emt 00:00:22]} 33.
Rxf7+ {[%clk 00:16:53]} {[%emt 00:00:27]} Ke4 {[%clk 00:18:50]} {[%emt
00:00:23]} 34. Rxb7 {[%clk 00:16:53]} {[%emt 00:00:10]} h5 {[%clk 00:18:31]}
{[%emt 00:00:29]} 35. Rd7 {[%clk 00:13:12]} {[%emt 00:03:51]} Rf8+ {[%clk
00:16:56]} {[%emt 00:01:45]} 36. Kg2 {[%clk 00:11:57]} {[%emt 00:01:24]} Rf6
{[%clk 00:16:45]} {[%emt 00:00:20]} 37. c4 {[%clk 00:10:54]} {[%emt 00:01:14]}
g4 {[%clk 00:14:52]} {[%emt 00:02:03]} 38. hxg4 {[%clk 00:09:41]} {[%emt
00:01:24]} hxg4 {[%clk 00:14:49]} {[%emt 00:00:13]} 39. Kg3 {[%clk 00:09:29]}
{[%emt 00:00:22]} Rf3+ {[%clk 00:13:40]} {[%emt 00:01:19]} 40. Kxg4 {[%clk
00:08:41]} {[%emt 00:00:57]} Rf2 {[%clk 00:13:47]} {[%emt 00:00:03]} 41. a4
{[%clk 00:08:22]} {[%emt 00:00:30]} Rf4 {[%clk 00:13:35]} {[%emt 00:00:22]} 42.
Kg5 {[%clk 00:08:19]} {[%emt 00:00:14]} Rf3 {[%clk 00:13:39]} {[%emt 00:00:05]}
43. Rb7 {[%clk 00:07:36]} {[%emt 00:00:53]} a5 {[%clk 00:13:38]} {[%emt
00:00:12]} 44. Rb5 {[%clk 00:07:30]} {[%emt 00:00:16]} Kd4 {[%clk 00:13:36]}
{[%emt 00:00:11]} 45. Kg4 {[%clk 00:07:31]} {[%emt 00:00:10]} Re3 {[%clk
00:12:10]} {[%emt 00:01:36]} 46. Kf4 {[%clk 00:07:37]} {[%emt 00:00:04]} Rh3
{[%clk 00:12:07]} {[%emt 00:00:13]} 47. Kf5 {[%clk 00:07:39]} {[%emt 00:00:08]}
Re3 {[%clk 00:11:33]} {[%emt 00:00:44]} 48. Kf4 {[%clk 00:05:20]} {[%emt
00:02:30]} Rh3 {[%clk 00:11:25]} {[%emt 00:00:19]} 49. Kf5 {[%clk 00:04:49]}
{[%emt 00:00:41]} Re3 {[%clk 00:11:22]} {[%emt 00:00:12]} 50. Rxa5 {[%clk
00:04:38]} {[%emt 00:00:21]} Rxb3 {[%clk 00:11:24]} {[%emt 00:00:08]} 51. c5
{[%clk 00:04:13]} {[%emt 00:00:36]} Rc3 {[%clk 00:10:30]} {[%emt 00:01:04]}
1/2-1/2

[Event "English Schools Championship Final 2024"]
[Site "Nottingham University Kings Meadow Campus, United Kingdom"]
[Date "2024.06.27"]
[Round "3.42"]
[White "Alexander, Ryan"]
[Black "Puig-Souto, Luca"]
[Result "1-0"]
[TimeControl "G50' + 10\" per move."]
[WhiteFideId "474517"]
[BlackFideId "343448429"]
[WhiteElo "1371"]
[BlackElo "1360"]

1. b3 {[%clk 00:50:19]} g6 {[%clk 00:50:17]} {[%emt 00:00:03]} 2. Bb2 {[%clk
00:50:21]} {[%emt 00:00:08]} Nf6 {[%clk 00:50:24]} {[%emt 00:00:03]} 3. e3
{[%clk 00:50:20]} {[%emt 00:00:11]} Bg7 {[%clk 00:50:26]} {[%emt 00:00:08]} 4.
Nf3 {[%clk 00:50:12]} {[%emt 00:00:18]} O-O {[%clk 00:49:55]} {[%emt 00:00:41]}
5. Be2 {[%clk 00:49:39]} {[%emt 00:00:43]} d5 {[%clk 00:50:00]} {[%emt
00:00:05]} 6. c4 {[%clk 00:49:38]} {[%emt 00:00:11]} e6 {[%emt 00:04:53]} 7.
Ne5 {[%clk 00:47:20]} b6 {[%clk 00:45:59]} {[%emt 00:01:55]} 8. f4 {[%clk
00:45:49]} {[%emt 00:01:42]} Bb7 {[%clk 00:44:26]} {[%emt 00:01:42]} 9. Bf3
{[%clk 00:45:02]} {[%emt 00:00:57]} Nbd7 {[%clk 00:41:53]} {[%emt 00:02:43]} 10.
O-O {[%clk 00:42:53]} {[%emt 00:02:19]} Rc8 {[%clk 00:38:47]} {[%emt 00:03:16]}
11. Na3 {[%clk 00:40:27]} {[%emt 00:02:36]} Nc5 {[%clk 00:37:03]} {[%emt
00:01:53]} 12. d3 {[%clk 00:37:55]} {[%emt 00:02:43]} Ncd7 {[%clk 00:35:16]}
{[%emt 00:01:57]} 13. Nb5 {[%emt 00:03:49]} a6 {[%clk 00:32:09]} 14. Na7 {[%clk
00:35:26]} {[%emt 00:02:16]} Ra8 {[%clk 00:32:01]} {[%emt 00:00:18]} 15. Nac6
{[%clk 00:34:53]} {[%emt 00:00:43]} Nxe5 {[%clk 00:30:08]} {[%emt 00:02:04]} 16.
Nxd8 {[%clk 00:33:46]} {[%emt 00:01:16]} Nxf3+ {[%clk 00:30:06]} {[%emt
00:00:12]} 17. Qxf3 {[%clk 00:33:18]} {[%emt 00:00:38]} Rfxd8 {[%clk 00:29:32]}
{[%emt 00:00:45]} 18. Rac1 {[%clk 00:31:58]} {[%emt 00:01:30]} Rac8 {[%clk
00:29:03]} {[%emt 00:00:39]} 19. g4 {[%clk 00:30:42]} {[%emt 00:01:27]} Ba8
{[%clk 00:28:50]} {[%emt 00:00:22]} 20. Qg3 {[%clk 00:30:08]} {[%emt 00:00:55]}
dxc4 {[%clk 00:28:46]} {[%emt 00:00:23]} 21. dxc4 {[%clk 00:28:50]} {[%emt
00:01:28]} Ne4 {[%clk 00:26:27]} {[%emt 00:02:29]} 22. Qh4 {[%clk 00:27:02]}
{[%emt 00:01:59]} Bxb2 {[%clk 00:24:33]} {[%emt 00:02:03]} 23. Rcd1 {[%clk
00:26:10]} {[%emt 00:01:01]} Bf6 {[%clk 00:18:09]} {[%emt 00:06:32]} 24. Qe1
{[%clk 00:23:43]} {[%emt 00:02:40]} Rxd1 {[%clk 00:16:39]} {[%emt 00:01:39]} 25.
Qxd1 {[%clk 00:22:41]} {[%emt 00:01:12]} Rd8 {[%clk 00:16:39]} {[%emt
00:00:10]} 26. Qc1 {[%clk 00:19:39]} {[%emt 00:03:10]} Rd2 {[%clk 00:15:34]}
{[%emt 00:01:15]} 27. Qa3 {[%clk 00:18:57]} {[%emt 00:00:53]} Ng3 {[%clk
00:13:50]} {[%emt 00:01:55]} 28. Rf3 {[%clk 00:16:30]} {[%emt 00:02:36]} Bxf3
{[%clk 00:12:29]} {[%emt 00:01:31]} 29. hxg3 {[%clk 00:16:21]} {[%emt
00:00:19]} Rg2+ {[%clk 00:11:24]} {[%emt 00:01:15]} 30. Kf1 {[%clk 00:16:08]}
{[%emt 00:00:23]} Rxg3 {[%clk 00:11:06]} {[%emt 00:00:29]} 31. g5 {[%clk
00:15:35]} {[%emt 00:00:43]} Bc3 {[%clk 00:09:04]} {[%emt 00:02:10]} 32. Kf2
{[%clk 00:14:20]} {[%emt 00:01:26]} Rh3 {[%clk 00:08:28]} {[%emt 00:00:46]} 33.
Qxa6 {[%clk 00:14:03]} {[%emt 00:00:26]} Bg4 {[%clk 00:06:13]} {[%emt
00:02:25]} 34. Qc8+ {[%clk 00:13:16]} {[%emt 00:00:58]} Kg7 {[%clk 00:05:58]}
{[%emt 00:00:24]} 35. Qxc7 {[%clk 00:13:23]} {[%emt 00:00:03]} Rf3+ {[%clk
00:05:35]} {[%emt 00:00:33]} 36. Ke2 {[%clk 00:12:50]} {[%emt 00:00:43]} Bb4
{[%clk 00:02:51]} {[%emt 00:02:51]} 37. Qxb6 {[%clk 00:09:30]} {[%emt
00:03:33]} Rxf4+ {[%clk 00:02:41]} {[%emt 00:00:20]} 38. Kd3 {[%clk 00:09:09]}
{[%emt 00:00:32]} Bf5+ {[%clk 00:02:14]} {[%emt 00:00:38]} 39. e4 {[%clk
00:08:01]} {[%emt 00:01:17]} Rf3+ {[%clk 00:01:17]} {[%emt 00:01:07]} 40. Kd4
{[%clk 00:07:16]} {[%emt 00:00:55]} Be1 {[%clk 00:00:37]} {[%emt 00:00:50]} 41.
c5 {[%clk 00:05:43]} {[%emt 00:01:43]} Bf2+ {[%clk 00:00:28]} {[%emt 00:00:20]}
42. Ke5 {[%clk 00:04:38]} {[%emt 00:01:14]} Rd3 {[%clk 00:00:20]} {[%emt
00:00:18]} 43. exf5 {[%clk 00:03:36]} {[%emt 00:01:13]} Rd5+ {[%clk 00:00:12]}
{[%emt 00:00:18]} 44. Ke4 {[%clk 00:03:18]} {[%emt 00:00:28]} gxf5+ {[%clk
00:00:19]} {[%emt 00:00:04]} 45. Kf4 {[%clk 00:03:13]} {[%emt 00:00:14]} Rxc5
{[%clk 00:00:24]} {[%emt 00:00:05]} 46. Qb4 {[%clk 00:02:53]} {[%emt 00:00:30]}
Rd5 {[%clk 00:00:30]} {[%emt 00:00:04]} 47. Kf3 {[%clk 00:02:33]} {[%emt
00:00:30]} Bc5 {[%clk 00:00:19]} {[%emt 00:00:21]} 48. Qc3+ {[%clk 00:02:29]}
{[%emt 00:00:15]} Kg8 {[%clk 00:00:22]} {[%emt 00:00:07]} 49. b4 {[%clk
00:02:31]} {[%emt 00:00:08]} Be7 {[%clk 00:00:24]} {[%emt 00:00:07]} 50. a3
{[%clk 00:02:32]} {[%emt 00:00:11]} Bxg5 {[%clk 00:00:29]} {[%emt 00:00:05]} 51.
a4 {[%clk 00:02:26]} {[%emt 00:00:15]} Bd2 {[%clk 00:00:32]} {[%emt 00:00:06]}
52. Qc8+ {[%clk 00:02:31]} {[%emt 00:00:05]} Kg7 {[%clk 00:00:39]} {[%emt
00:00:03]} 53. b5 {[%clk 00:02:37]} {[%emt 00:00:05]} Rd4 {[%clk 00:00:43]}
{[%emt 00:00:06]} 54. Ke2 {[%clk 00:02:34]} {[%emt 00:00:12]} Ba5 {[%clk
00:00:50]} {[%emt 00:00:02]} 55. Qa6 {[%clk 00:02:20]} {[%emt 00:00:25]} Rb4
{[%clk 00:00:53]} {[%emt 00:00:07]} 1-0

[Event "English Schools Championship Final 2024"]
[Site "Nottingham University Kings Meadow Campus, United Kingdom"]
[Date "2024.06.27"]
[Round "3.43"]
[White "Gunarathne, Senith"]
[Black "Korshunov, Sergey"]
[Result "0-1"]
[TimeControl "G50' + 10\" per move."]
[WhiteFideId "343104324"]
[BlackFideId "34274715"]
[WhiteElo "1900"]
[BlackElo "2328"]

1. e4 {[%clk 00:50:11]} {[%emt 00:00:08]} c5 {[%clk 00:50:05]} {[%emt
00:00:16]} 2. Nf3 {[%clk 00:50:17]} {[%emt 00:00:03]} a6 {[%clk 00:50:12]}
{[%emt 00:00:03]} 3. d4 {[%clk 00:50:23]} {[%emt 00:00:04]} cxd4 {[%clk
00:50:19]} {[%emt 00:00:04]} 4. Nxd4 {[%clk 00:50:28]} {[%emt 00:00:05]} Nf6
{[%clk 00:50:27]} {[%emt 00:00:02]} 5. Nc3 {[%clk 00:50:28]} {[%emt 00:00:10]}
e5 {[%clk 00:50:35]} {[%emt 00:00:02]} 6. Nf3 {[%clk 00:49:29]} {[%emt
00:01:09]} Bb4 {[%clk 00:50:11]} {[%emt 00:00:34]} 7. Bd3 {[%clk 00:49:16]}
{[%emt 00:00:24]} d5 {[%clk 00:49:43]} {[%emt 00:00:38]} 8. O-O {[%clk
00:47:23]} {[%emt 00:02:02]} Bxc3 {[%clk 00:48:32]} {[%emt 00:01:22]} 9. bxc3
{[%clk 00:47:01]} {[%emt 00:00:32]} dxe4 {[%clk 00:48:36]} {[%emt 00:00:06]} 10.
Nxe5 {[%clk 00:46:39]} {[%emt 00:00:31]} exd3 {[%clk 00:41:28]} {[%emt
00:07:18]} 11. Ba3 {[%clk 00:46:38]} {[%emt 00:00:11]} Be6 {[%clk 00:40:17]}
{[%emt 00:01:21]} 12. f4 {[%clk 00:45:57]} {[%emt 00:00:51]} Nbd7 {[%clk
00:39:25]} {[%emt 00:01:02]} 13. Nxd3 {[%clk 00:44:42]} {[%emt 00:01:26]} Qa5
{[%clk 00:39:16]} {[%emt 00:00:18]} 14. Bb4 {[%clk 00:44:42]} {[%emt 00:00:11]}
Qb6+ {[%clk 00:39:22]} {[%emt 00:00:03]} 15. Kh1 {[%clk 00:44:48]} {[%emt
00:00:04]} O-O-O {[%clk 00:39:25]} {[%emt 00:00:08]} 16. Rb1 {[%clk 00:44:45]}
{[%emt 00:00:13]} Qc6 {[%clk 00:38:38]} {[%emt 00:00:55]} 17. Be7 {[%clk
00:42:58]} {[%emt 00:01:58]} Rde8 {[%clk 00:37:29]} {[%emt 00:01:20]} 18. Nb4
{[%clk 00:43:04]} {[%emt 00:00:04]} Qc4 {[%clk 00:37:25]} {[%emt 00:00:14]} 19.
Qd6 {[%clk 00:41:56]} {[%emt 00:01:17]} Ne4 {[%clk 00:37:05]} {[%emt 00:00:29]}
20. Qe5 {[%clk 00:40:56]} {[%emt 00:01:10]} Nxe5 {[%clk 00:37:07]} {[%emt
00:00:08]} 21. fxe5 {[%clk 00:40:57]} {[%emt 00:00:08]} Rxe7 {[%clk 00:37:13]}
{[%emt 00:00:05]} 22. Nd3 {[%clk 00:41:02]} {[%emt 00:00:05]} Nd2 {[%clk
00:37:00]} {[%emt 00:00:23]} 23. Rb4 {[%clk 00:41:08]} {[%emt 00:00:04]} Nxf1
{[%clk 00:37:05]} {[%emt 00:00:05]} 24. Rxc4+ {[%clk 00:41:13]} {[%emt
00:00:05]} Bxc4 {[%clk 00:37:05]} {[%emt 00:00:09]} 25. Kg1 {[%clk 00:41:21]}
{[%emt 00:00:02]} Bxd3 {[%clk 00:37:10]} {[%emt 00:00:06]} 26. cxd3 {[%clk
00:41:28]} {[%emt 00:00:03]} Ne3 {[%clk 00:37:13]} {[%emt 00:00:07]} 27. Kf2
{[%clk 00:41:35]} {[%emt 00:00:03]} Rxe5 {[%clk 00:37:21]} {[%emt 00:00:03]} 28.
d4 {[%clk 00:41:42]} {[%emt 00:00:04]} Re6 {[%clk 00:37:27]} {[%emt 00:00:04]}
29. d5 {[%clk 00:41:49]} {[%emt 00:00:03]} Nxd5 {[%clk 00:37:33]} {[%emt
00:00:04]} 30. c4 {[%clk 00:41:57]} {[%emt 00:00:01]} Rf6+ {[%clk 00:37:39]}
{[%emt 00:00:04]} 31. Ke2 {[%clk 00:42:02]} {[%emt 00:00:05]} Re8+ {[%clk
00:37:46]} {[%emt 00:00:03]} 32. Kd3 {[%clk 00:42:08]} {[%emt 00:00:04]} Nf4+
{[%clk 00:37:53]} {[%emt 00:00:03]} 33. Kd4 {[%clk 00:42:15]} {[%emt 00:00:03]}
Rd6+ {[%clk 00:37:59]} {[%emt 00:00:04]} 34. Kc5 {[%clk 00:42:21]} {[%emt
00:00:03]} Kc7 {[%clk 00:38:04]} {[%emt 00:00:05]} 35. g4 {[%clk 00:42:29]}
{[%emt 00:00:02]} Nd3# {[%clk 00:38:09]} {[%emt 00:00:06]} 0-1

[Event "English Schools Championship Final 2024"]
[Site "Nottingham University Kings Meadow Campus, United Kingdom"]
[Date "2024.06.27"]
[Round "3.44"]
[White "Solodko, Nikolai"]
[Black "Lee, Richard"]
[Result "1-0"]
[TimeControl "G50' + 10\" per move."]
[WhiteFideId "343401589"]
[WhiteElo "1524"]
[BlackElo "1658"]

1. d4 {[%clk 00:50:17]} {[%emt 00:00:03]} Nf6 {[%clk 00:50:15]} {[%emt
00:00:05]} 2. c4 {[%clk 00:50:20]} {[%emt 00:00:06]} e6 {[%clk 00:50:15]}
{[%emt 00:00:11]} 3. Nc3 {[%clk 00:50:14]} {[%emt 00:00:15]} c5 {[%clk
00:49:46]} {[%emt 00:00:39]} 4. d5 {[%clk 00:49:53]} {[%emt 00:00:31]} d6
{[%clk 00:49:28]} {[%emt 00:00:27]} 5. e4 {[%clk 00:48:53]} {[%emt 00:01:10]}
Nbd7 {[%clk 00:48:32]} {[%emt 00:01:06]} 6. Nf3 {[%clk 00:46:58]} {[%emt
00:02:04]} h6 {[%clk 00:46:20]} {[%emt 00:02:23]} 7. Be2 {[%clk 00:45:06]}
{[%emt 00:02:01]} a6 {[%clk 00:44:01]} {[%emt 00:02:29]} 8. O-O {[%clk
00:44:20]} {[%emt 00:00:56]} Rb8 {[%clk 00:40:29]} {[%emt 00:03:42]} 9. Nd2
{[%clk 00:43:26]} {[%emt 00:01:04]} Be7 {[%clk 00:37:35]} {[%emt 00:03:04]} 10.
f4 {[%clk 00:42:31]} {[%emt 00:01:05]} e5 {[%clk 00:35:17]} {[%emt 00:02:29]}
11. f5 {[%clk 00:41:48]} {[%emt 00:00:53]} Nf8 {[%clk 00:32:55]} {[%emt
00:02:31]} 12. Nf3 {[%clk 00:39:52]} {[%emt 00:02:07]} Bd7 {[%clk 00:30:23]}
{[%emt 00:02:41]} 13. Nxe5 {[%clk 00:38:41]} {[%emt 00:01:21]} dxe5 {[%clk
00:29:34]} {[%emt 00:00:59]} 14. d6 {[%clk 00:38:45]} {[%emt 00:00:06]} Bc6
{[%clk 00:28:11]} {[%emt 00:01:33]} 15. dxe7 {[%clk 00:38:20]} {[%emt
00:00:36]} Qxe7 {[%clk 00:27:45]} {[%emt 00:00:35]} 16. Nd5 {[%clk 00:37:10]}
{[%emt 00:01:20]} Bxd5 {[%clk 00:27:20]} {[%emt 00:00:34]} 17. exd5 {[%clk
00:37:05]} {[%emt 00:00:16]} Qd6 {[%clk 00:25:41]} {[%emt 00:01:49]} 18. Bd3
{[%clk 00:34:07]} {[%emt 00:03:07]} b5 {[%clk 00:24:13]} {[%emt 00:01:39]} 19.
b3 {[%clk 00:33:11]} {[%emt 00:01:06]} N8d7 {[%clk 00:23:15]} {[%emt 00:01:08]}
20. Qf3 {[%clk 00:31:31]} {[%emt 00:01:49]} Nh7 {[%clk 00:21:26]} {[%emt
00:02:00]} 21. Qg3 {[%emt 00:10:22]} Qf6 {[%clk 00:17:24]} 22. Bb2 {[%clk
00:23:46]} {[%emt 00:01:55]} O-O {[%clk 00:16:50]} {[%emt 00:00:44]} 23. Rae1
{[%clk 00:22:32]} {[%emt 00:01:24]} Rfe8 {[%clk 00:15:57]} {[%emt 00:01:02]} 24.
Re2 {[%clk 00:20:22]} {[%emt 00:02:21]} bxc4 {[%clk 00:14:26]} {[%emt
00:01:41]} 25. Bxc4 {[%clk 00:19:41]} {[%emt 00:00:51]} Qd6 {[%clk 00:11:56]}
{[%emt 00:02:40]} 26. Rfe1 {[%clk 00:18:56]} {[%emt 00:00:55]} f6 {[%clk
00:11:36]} {[%emt 00:00:29]} 27. Bc1 {[%clk 00:15:50]} {[%emt 00:03:18]} Kh8
{[%clk 00:11:35]} {[%emt 00:00:11]} 28. Qd3 {[%clk 00:14:52]} {[%emt 00:01:08]}
Ra8 {[%clk 00:09:15]} {[%emt 00:02:30]} 29. Re4 {[%clk 00:09:51]} {[%emt
00:05:10]} Nb6 {[%clk 00:04:58]} {[%emt 00:04:28]} 30. h4 {[%clk 00:06:42]}
{[%emt 00:03:19]} Nxc4 {[%clk 00:04:26]} {[%emt 00:00:41]} 31. Rxc4 {[%clk
00:06:02]} {[%emt 00:00:50]} Re7 {[%clk 00:03:55]} {[%emt 00:00:40]} 32. Ba3
{[%clk 00:04:55]} {[%emt 00:01:18]} Rc7 {[%clk 00:03:47]} {[%emt 00:00:19]} 33.
Rec1 {[%clk 00:04:53]} {[%emt 00:00:12]} Rac8 {[%clk 00:03:55]} {[%emt
00:00:01]} 34. Ra4 {[%clk 00:04:43]} {[%emt 00:00:21]} Ra8 {[%clk 00:03:14]}
{[%emt 00:00:51]} 35. Ra5 {[%clk 00:04:34]} {[%emt 00:00:18]} Qb6 {[%clk
00:02:05]} {[%emt 00:01:20]} 36. Raxc5 {[%clk 00:03:53]} {[%emt 00:00:52]} Rac8
{[%clk 00:01:14]} {[%emt 00:01:01]} 37. Qe3 {[%clk 00:03:16]} {[%emt 00:00:45]}
Nf8 {[%clk 00:00:41]} {[%emt 00:00:43]} 38. Kf2 {[%clk 00:02:53]} {[%emt
00:00:34]} Nd7 {[%clk 00:00:48]} {[%emt 00:00:03]} 39. Rxc7 {[%clk 00:02:58]}
{[%emt 00:00:04]} Qxe3+ {[%clk 00:00:44]} {[%emt 00:00:14]} 40. Kxe3 {[%clk
00:03:06]} {[%emt 00:00:03]} 1-0